| 000 | 00624cam a22002291 4500 | ||
|---|---|---|---|
| 001 | sa 66004898 | ||
| 003 | DLC | ||
| 005 | 20260227112245.0 | ||
| 008 | 900220s1965 ii c 000 0 sano | ||
| 010 | _asa 66004898 | ||
| 035 | _a(OCoLC)21099027 | ||
| 040 |
_aDLC _cWaU _dDLC |
||
| 041 | 0 | _asanhin | |
| 042 | _apremarc | ||
| 050 | 0 | 0 |
_aPK575 _b.D88 |
| 100 | 1 |
_aDvivedī, Kapiladeva, _d1919- |
|
| 245 | 1 | 0 | _aPrauḍha-racanānuvādakaumudī. |
| 260 | _c[1965] | ||
| 300 |
_a16, 448 p. _bport. _c23 cm. |
||
| 500 | _aIn Sanskrit; explanations and introductory matter in Hindi. | ||
| 650 | 0 |
_aSanskrit language _xGrammar. |
|
| 999 |
_c69661 _d69661 |
||